[Event "European Rapid 2014"]
[Site "Wroclaw POL"]
[Date "2014.12.20"]
[Round "1.1"]
[White "Marchewka, Jakub"]
[Black "Kovalenko, Igor"]
[Result "0-1"]
[BlackTitle "GM"]
[WhiteElo "1848"]
[BlackElo "2653"]
[WhiteFideId "1174673"]
[BlackFideId "14117908"]
[EventDate "2014.12.20"]

1. e4 c5 2. Nf3 d6 3. c3 Nf6 4. Qc2 Qc7 5. Bc4 Bg4 6. d4 Bxf3 7. gxf3 e6 8. Be3
Nbd7 9. Nd2 Be7 10. f4 cxd4 11. cxd4 d5 12. exd5 exd5 13. Bb3 Qxc2 14. Bxc2 O-O
15. O-O-O Rac8 16. Kb1 Nb6 17. h4 Nh5 18. Rdg1 Bd6 19. f5 Kh8 20. Rg5 Nf6 21. h5
h6 22. Rg2 Rfe8 23. Rhg1 Bf8 24. Bd1 Nc4 25. Nf1 b5 26. Rg3 a5 27. R1g2 a4 28.
Nh2 Ne4 29. Bc2 Nxg3 30. Rxg3 a3 31. f6 axb2 32. fxg7+ Bxg7 33. Ng4 Na3+ 34.
Kxb2 Nxc2 35. Bxh6 Bxd4+ 36. Kb3 Re1 0-1

[Event "European Rapid 2014"]
[Site "Wroclaw POL"]
[Date "2014.12.20"]
[Round "1.2"]
[White "Vitiugov, Nikita"]
[Black "Bohdanowicz, Tomasz"]
[Result "1-0"]
[WhiteTitle "GM"]
[WhiteElo "2738"]
[BlackElo "1917"]
[WhiteFideId "4152956"]
[BlackFideId "1125885"]
[EventDate "2014.12.20"]

1. b3 e5 2. Bb2 Nc6 3. e3 d5 4. Bb5 Bd6 5. f4 Qh4+ 6. g3 Qe7 7. Nf3 f6 8. Nc3
Be6 9. O-O O-O-O 10. Bxc6 bxc6 11. Qe2 Qd7 12. Na4 exf4 13. Qa6+ Kb8 14. Bd4 c5
15. Bxc5 c6 16. Nd4 Ne7 17. Nxe6 Qxe6 18. Qxa7+ Kc8 19. Nb6# 1-0

[Event "European Rapid 2014"]
[Site "Wroclaw POL"]
[Date "2014.12.20"]
[Round "1.3"]
[White "Kiolbasa, Oliwia"]
[Black "Ragger, Markus"]
[Result "0-1"]
[WhiteTitle "WFM"]
[BlackTitle "GM"]
[WhiteElo "2133"]
[BlackElo "2651"]
[WhiteFideId "1154613"]
[BlackFideId "1610856"]
[EventDate "2014.12.20"]

1. e4 e5 2. Nf3 Nc6 3. Bc4 Nf6 4. d3 Be7 5. O-O O-O 6. Re1 d6 7. a4 Na5 8. Nbd2
Nxc4 9. dxc4 Nd7 10. Nf1 f5 11. exf5 Rxf5 12. Ne3 Rf7 13. Nd5 h6 14. Nxe7+ Qxe7
15. Qe2 a5 16. b3 b6 17. Qe4 Rb8 18. Qh4 Qf8 19. Qg3 Rf6 20. Nh4 Qf7 21. Rf1 g5
22. Nf3 Bb7 23. Nd2 Rf8 24. Ba3 Rf4 25. Rae1 Nf6 26. Qc3 Qh5 27. f3 g4 28. g3
gxf3 29. gxf4 Qg6+ 30. Kf2 Ng4+ 31. Kg1 Ne3+ 32. Kf2 Nd1+ 0-1

[Event "European Rapid 2014"]
[Site "Wroclaw POL"]
[Date "2014.12.20"]
[Round "1.4"]
[White "Riazantsev, Alexander"]
[Black "Buchala, Tomasz"]
[Result "1-0"]
[WhiteTitle "GM"]
[WhiteElo "2684"]
[BlackElo "1939"]
[WhiteFideId "4125029"]
[BlackFideId "1134108"]
[EventDate "2014.12.20"]

1. d4 d5 2. c4 c6 3. Nc3 Nf6 4. e3 e6 5. Nf3 Bd6 6. Bd3 Nbd7 7. O-O O-O 8. Qc2
h6 9. Rd1 Qe7 10. e4 dxe4 11. Nxe4 Nxe4 12. Bxe4 Nf6 13. c5 Bc7 14. Bd3 Rd8 15.
h3 Bd7 16. Qe2 Nd5 17. Bd2 Re8 18. Re1 Rad8 19. Rad1 Qf6 20. Bb1 Qe7 21. a3 a6
22. Qe4 Nf6 23. Qc2 Qf8 24. Ne5 Bc8 25. Ng4 Qe7 26. Bc3 Rd5 27. Ne3 Qd7 28. Nxd5
exd5 29. Rxe8+ Qxe8 30. Re1 Qd7 31. Qe2 Qe6 32. Qf3 Qd7 33. Bd2 Qd8 34. Bf4 Be6
35. Bxc7 Qxc7 36. b4 Qd7 37. Qf4 Nh5 38. Qb8+ 1-0

[Event "European Rapid 2014"]
[Site "Wroclaw POL"]
[Date "2014.12.20"]
[Round "1.5"]
[White "Psyk, Radoslaw"]
[Black "Efimenko, Zahar"]
[Result "0-1"]
[BlackTitle "GM"]
[WhiteElo "2068"]
[BlackElo "2643"]
[WhiteFideId "1182838"]
[BlackFideId "14107201"]
[EventDate "2014.12.20"]

1. e4 g6 2. d4 Bg7 3. Nc3 d6 4. Be3 c6 5. Qd2 Nd7 6. f3 b5 7. g4 Bb7 8. h4 h5 9.
g5 Nb6 10. b3 e6 11. Nh3 Ne7 12. Rd1 O-O 13. Bd3 Qc7 14. O-O b4 15. Nb1 c5 16.
dxc5 dxc5 17. Qf2 Rac8 18. Nd2 Nd7 19. Nc4 Nc6 20. Bf4 e5 21. Bd2 Nd4 22. c3
bxc3 23. Bxc3 Nb6 24. Qe3 Rcd8 25. Nf2 Ba6 26. Rd2 Bxc4 27. Bxc4 Nxc4 28. bxc4
Qc6 29. Nd1 Qa6 30. Bxd4 cxd4 31. Qd3 Rb8 32. Nf2 Rfc8 33. Rc1 Qa5 34. Rdc2 Bf8
35. Qf1 Bb4 36. Nd3 Bd2 37. Rd1 Be3+ 38. Kg2 Qa4 39. Ne1 Rc5 40. Qd3 Rb4 41. Kh3
Rbxc4 42. Rxc4 Rxc4 43. Qb3 Qd7+ 44. Kg2 Qc8 45. Rb1 Kg7 46. Qb5 Bf4 47. Qb7
Rc2+ 48. Nxc2 Qxc2+ 49. Kf1 Qd3+ 50. Kf2 Qe3+ 51. Kf1 Qxf3+ 52. Ke1 d3 53. Rb2
d2+ 54. Rxd2 Qh1+ 55. Ke2 Qg2+ 56. Kd3 Qxd2+ 0-1

[Event "European Rapid 2014"]
[Site "Wroclaw POL"]
[Date "2014.12.20"]
[Round "1.7"]
[White "Zabawski, Grzegorz"]
[Black "Socko, Bartosz"]
[Result "0-1"]
[BlackTitle "GM"]
[WhiteElo "1883"]
[BlackElo "2617"]
[WhiteFideId "1145975"]
[BlackFideId "1107038"]
[EventDate "2014.12.20"]

1. e4 e6 2. d4 d5 3. Nd2 Nf6 4. e5 Nfd7 5. Bd3 c5 6. c3 b6 7. Ne2 Ba6 8. Bxa6
Nxa6 9. O-O Nc7 10. f4 f5 11. exf6 Nxf6 12. Nf3 Bd6 13. Ne5 O-O 14. Ng3 cxd4 15.
cxd4 Ne4 16. Nxe4 dxe4 17. Qb3 Bxe5 18. dxe5 Qd5 19. Qg3 Qd3 20. Be3 Nd5 21.
Rfe1 Rad8 22. Rad1 Qc4 23. b3 Qc2 24. Rd2 Qc3 25. Rdd1 Ne7 26. Rc1 Qd3 27. Qg5
Nf5 28. Rcd1 Qxd1 29. Rxd1 Rxd1+ 30. Kf2 Rc8 31. Ke2 Rd3 0-1

[Event "European Rapid 2014"]
[Site "Wroclaw POL"]
[Date "2014.12.20"]
[Round "1.8"]
[White "Salgado Lopez, Ivan"]
[Black "Wyczling, Bartosz"]
[Result "1-0"]
[WhiteTitle "GM"]
[WhiteElo "2622"]
[BlackElo "1762"]
[WhiteFideId "2257327"]
[BlackFideId "1169920"]
[EventDate "2014.12.20"]

1. e4 c5 2. Nf3 Nc6 3. c3 d5 4. exd5 Qxd5 5. d4 Bg4 6. dxc5 Qxc5 7. Be3 Qa5 8.
Be2 Nf6 9. Qb3 Qc7 10. Na3 e6 11. h3 Bh5 12. Nb5 Qb8 13. Nbd4 Be7 14. Bb5 Qc7
15. Ne5 O-O 16. Nexc6 bxc6 17. Nxc6 Nd5 18. Bd4 Bd6 19. O-O Nf4 20. Rfe1 a6 21.
Ba4 Qa5 22. Nxa5 1-0

[Event "European Rapid 2014"]
[Site "Wroclaw POL"]
[Date "2014.12.20"]
[Round "1.9"]
[White "Pesotskiy, Mikhail"]
[Black "Wojtaszek, Radoslaw"]
[Result "0-1"]
[BlackTitle "GM"]
[WhiteElo "1886"]
[BlackElo "2744"]
[WhiteFideId "34164453"]
[BlackFideId "1118358"]
[EventDate "2014.12.20"]

1. c4 e5 2. Nc3 Nc6 3. g3 Bc5 4. Bg2 d6 5. e3 a6 6. Nge2 h5 7. h4 Nf6 8. O-O Bg4
9. Re1 Qd7 10. d4 Ba7 11. Qa4 O-O 12. d5 Ne7 13. Qxd7 Bxd7 14. b3 Ng4 15. Bh3 f5
16. Bxg4 hxg4 17. Kg2 b5 18. Bd2 Rab8 19. Rab1 b4 20. Na4 c6 21. dxc6 Bxc6+ 22.
Kg1 Kf7 23. Kf1 g5 24. hxg5 Rh8 25. Nb2 Rh1+ 26. Ng1 Bf3 0-1

[Event "European Rapid 2014"]
[Site "Wroclaw POL"]
[Date "2014.12.20"]
[Round "1.11"]
[White "Sikora, Rafal"]
[Black "Alekseev, Evgeny"]
[Result "0-1"]
[BlackTitle "GM"]
[WhiteElo "1930"]
[BlackElo "2679"]
[WhiteFideId "1145908"]
[BlackFideId "4138147"]
[EventDate "2014.12.20"]

1. e4 c5 2. c3 d5 3. exd5 Qxd5 4. d4 Nf6 5. Nf3 e6 6. Be3 cxd4 7. cxd4 Bb4+ 8.
Bd2 Bxd2+ 9. Nbxd2 Nc6 10. Bc4 Qd6 11. Bb5 Bd7 12. Bxc6 Bxc6 13. O-O O-O 14. Nc4
Qb4 15. Rc1 Rfc8 16. a3 Qe7 17. Nfe5 Be8 18. Qd2 Rc7 19. Ne3 Rd8 20. Rxc7 Qxc7
21. Rc1 Qxe5 0-1

[Event "European Rapid 2014"]
[Site "Wroclaw POL"]
[Date "2014.12.20"]
[Round "1.12"]
[White "Bartel, Mateusz"]
[Black "Shakirova, Renata"]
[Result "1-0"]
[WhiteTitle "GM"]
[WhiteElo "2664"]
[BlackElo "1971"]
[WhiteFideId "1112635"]
[BlackFideId "24172049"]
[EventDate "2014.12.20"]

1. d4 Nf6 2. c4 e6 3. Nc3 Bb4 4. Nf3 c5 5. g3 O-O 6. Bg2 cxd4 7. Nxd4 d5 8. cxd5
Nxd5 9. Bd2 Na6 10. Nxd5 exd5 11. O-O Bxd2 12. Qxd2 Nc7 13. Rac1 Be6 14. Qb4 b6
15. Rc6 Qd7 16. Rfc1 Rfc8 17. Qc3 Ne8 18. Nxe6 Rxc6 19. Qxc6 Qxc6 20. Rxc6 fxe6
21. Rxe6 Rd8 22. Bxd5 Rxd5 23. Rxe8+ Kf7 24. Ra8 Rd2 25. Rxa7+ Kf6 26. b4 Rxe2
27. b5 Rb2 28. a4 Rb4 29. Kg2 h5 30. h4 g6 31. Kf3 Kf5 32. Rf7+ Ke6 33. Rf4 Rb3+
34. Kg2 Rb2 35. Rc4 Ra2 36. g4 hxg4 37. Kg3 Kf5 38. Rf4+ Ke5 39. Rxg4 Kf5 40.
Rf4+ Ke5 41. Rc4 Kf5 42. f3 Ra1 43. Kf2 Ra3 44. Kg3 Ra1 45. Rc6 Rxa4 46. Rxb6
Rb4 47. Rb8 Kf6 48. b6 Ke7 49. b7 Kd7 50. Rg8 1-0

[Event "European Rapid 2014"]
[Site "Wroclaw POL"]
[Date "2014.12.20"]
[Round "1.13"]
[White "Przytula, Grzegorz"]
[Black "Korobov, Anton"]
[Result "0-1"]
[BlackTitle "GM"]
[WhiteElo "1946"]
[BlackElo "2693"]
[WhiteFideId "1182650"]
[BlackFideId "14105730"]
[EventDate "2014.12.20"]

1. e4 c5 2. Nc3 Nc6 3. f4 e6 4. Nf3 d5 5. Bb5 Ne7 6. exd5 exd5 7. Qe2 g6 8. O-O
Bg7 9. Bxc6+ bxc6 10. Re1 Bg4 11. Na4 c4 12. c3 Bf6 13. b3 Qd6 14. bxc4 O-O 15.
d4 Nf5 16. c5 Qc7 17. Bd2 Rae8 18. Qxe8 Bxf3 19. Qxf8+ Kxf8 20. gxf3 Qa5 21. Nb2
Bxd4+ 22. cxd4 Qxd2 0-1

[Event "European Rapid 2014"]
[Site "Wroclaw POL"]
[Date "2014.12.20"]
[Round "1.14"]
[White "Moiseenko, Alexander"]
[Black "Chomczyk, Marek"]
[Result "1-0"]
[WhiteTitle "GM"]
[WhiteElo "2692"]
[BlackElo "2057"]
[WhiteFideId "14102560"]
[BlackFideId "1125826"]
[EventDate "2014.12.20"]

1. d4 Nf6 2. c4 e6 3. Nc3 Bb4 4. e3 O-O 5. Bd3 d5 6. Nf3 dxc4 7. Bxc4 c5 8. O-O
Nc6 9. a3 Bxc3 10. bxc3 b6 11. Qe2 Qc7 12. e4 Na5 13. Bd3 Nb3 14. e5 c4 15. Bxc4
Nxa1 16. exf6 Bb7 17. fxg7 Rfc8 18. Ne5 b5 19. Bd3 f5 20. Qa2 Qxg7 21. Qxe6+ Kh8
22. Nf7+ Kg8 23. Nd8+ Kh8 24. Bg5 Rxd8 25. Bf6 Rg8 26. Qxf5 1-0

[Event "European Rapid 2014"]
[Site "Wroclaw POL"]
[Date "2014.12.20"]
[Round "1.15"]
[White "Wielosz, Jaroslaw"]
[Black "Fedorchuk, Sergey A."]
[Result "0-1"]
[BlackTitle "GM"]
[WhiteElo "1937"]
[BlackElo "2669"]
[WhiteFideId "1125842"]
[BlackFideId "14102536"]
[EventDate "2014.12.20"]

1. c4 e5 2. Nc3 Nf6 3. g3 Bc5 4. Bg2 Nc6 5. Nf3 d6 6. O-O O-O 7. e3 a6 8. d4 Ba7
9. dxe5 dxe5 10. Qxd8 Rxd8 11. b3 h6 12. Ba3 e4 13. Ne1 Bf5 14. Nc2 Rd3 15. Na4
b5 16. cxb5 axb5 17. Nc5 Bxc5 18. Bxc5 Rc3 19. Nd4 Rxc5 20. b4 Nxb4 21. Rfc1
Rxa2 22. Nxf5 Rxf5 23. Rxa2 Nxa2 24. Rxc7 b4 25. g4 Rd5 26. h4 b3 27. Rb7 Nc1
28. Bf1 Rc5 29. Kh2 Nxg4+ 30. Kg3 Nf6 31. Rb4 0-1

[Event "European Rapid 2014"]
[Site "Wroclaw POL"]
[Date "2014.12.20"]
[Round "1.16"]
[White "Inarkiev, Ernesto"]
[Black "Woloch, Oskar"]
[Result "1-0"]
[WhiteTitle "GM"]
[WhiteElo "2680"]
[BlackElo "1966"]
[WhiteFideId "4162722"]
[BlackFideId "1192116"]
[EventDate "2014.12.20"]

1. d4 c5 2. d5 e5 3. e4 d6 4. c4 Be7 5. g3 a6 6. Nc3 Bg5 7. f4 exf4 8. Nf3 Bg4
9. gxf4 Bh4+ 10. Kd2 Nd7 11. Bd3 Ne7 12. Rg1 Bh5 13. Kc2 Ng6 14. Qf1 Bf6 15. Be3
O-O 16. Nd2 Bxc3 17. Kxc3 b5 18. Rg5 bxc4 19. Nxc4 Nf6 20. Qh3 Rb8 21. Rxh5 Nxh5
22. Qxh5 Nxf4 23. Bxf4 Qf6+ 24. e5 1-0

[Event "European Rapid 2014"]
[Site "Wroclaw POL"]
[Date "2014.12.20"]
[Round "1.17"]
[White "Kreyssig, Bruno"]
[Black "Edouard, Romain"]
[Result "0-1"]
[BlackTitle "GM"]
[WhiteElo "1899"]
[BlackElo "2659"]
[WhiteFideId "4692489"]
[BlackFideId "633429"]
[EventDate "2014.12.20"]

1. e4 e6 2. d4 d5 3. Nd2 Be7 4. c3 c5 5. Ngf3 Nf6 6. e5 Nfd7 7. Bd3 Nc6 8. O-O
g5 9. h3 h5 10. dxc5 g4 11. Nd4 Ncxe5 12. N2b3 gxh3 13. gxh3 Nxc5 14. Nxc5 Bxc5
15. Be3 Qh4 16. Nf3 Rg8+ 17. Kh2 Ng4+ 0-1

[Event "European Rapid 2014"]
[Site "Wroclaw POL"]
[Date "2014.12.20"]
[Round "1.19"]
[White "Kowalczyk, Mariusz"]
[Black "Bologan, Viktor"]
[Result "0-1"]
[BlackTitle "GM"]
[WhiteElo "2003"]
[BlackElo "2643"]
[WhiteFideId "1126202"]
[BlackFideId "13900048"]
[EventDate "2014.12.20"]

1. e4 g6 2. d4 Bg7 3. c3 d6 4. Bd3 e5 5. Nf3 Nd7 6. O-O Ngf6 7. dxe5 dxe5 8. Bc2
O-O 9. h3 b6 10. Qe2 Bb7 11. Rd1 Qe7 12. Bg5 h6 13. Bh4 a5 14. Nbd2 a4 15. Nc4
Ba6 16. Bxa4 b5 17. Rxd7 Qxd7 18. Ncxe5 bxa4 19. Nxd7 Bxe2 20. Nxf6+ Bxf6 21.
Bxf6 Rfb8 22. c4 Bxc4 23. Rc1 Bxa2 24. Rxc7 Rb4 25. Nd2 Be6 26. Bc3 Rbb8 27. Bf6
Rc8 28. Rb7 Rc1+ 29. Kh2 Rc2 30. Nf3 Rxf2 31. Kg3 Re2 32. Rb4 g5 33. h4 gxh4+
34. Nxh4 Kh7 35. Kf3 Rd2 36. g4 a3 37. bxa3 Rxa3+ 38. Kf4 Rf2+ 0-1

[Event "European Rapid 2014"]
[Site "Wroclaw POL"]
[Date "2014.12.20"]
[Round "1.21"]
[White "Gigola, Jacek"]
[Black "Navara, David"]
[Result "0-1"]
[BlackTitle "GM"]
[WhiteElo "1921"]
[BlackElo "2727"]
[WhiteFideId "1149547"]
[BlackFideId "309095"]
[EventDate "2014.12.20"]

1. d4 Nf6 2. Nf3 e6 3. Bf4 c5 4. e3 Qb6 5. Qc1 Nh5 6. Bxb8 Rxb8 7. Nbd2 Be7 8.
Bd3 cxd4 9. exd4 Nf4 10. Bf1 O-O 11. g3 Nd5 12. c4 Nf6 13. Bd3 Qc7 14. O-O b6
15. Qc2 Bb7 16. Ng5 g6 17. f3 Nh5 18. Rae1 Bxg5 0-1

[Event "European Rapid 2014"]
[Site "Wroclaw POL"]
[Date "2014.12.20"]
[Round "1.22"]
[White "Gajewski, Grzegorz"]
[Black "Kremer, Nadine"]
[Result "1-0"]
[WhiteTitle "GM"]
[WhiteElo "2643"]
[BlackElo "1866"]
[WhiteFideId "1116207"]
[BlackFideId "4002970"]
[EventDate "2014.12.20"]

1. Nf3 Nf6 2. c4 g6 3. Nc3 Bg7 4. e4 d6 5. d4 O-O 6. h3 Nbd7 7. Bd3 e5 8. d5 Nc5
9. Bc2 a5 10. g4 Ra6 11. Be3 Ne8 12. Rg1 Bd7 13. Qd2 Qf6 14. Rg3 Qe7 15. O-O-O
a4 16. Rdg1 Nf6 17. Bg5 Rfa8 18. Nh4 Qf8 19. Be3 Rb8 20. Kb1 b5 21. Bxc5 dxc5
22. cxb5 Bxb5 23. Nxb5 Rxb5 24. Bd3 Rab6 25. Bxb5 Nxe4 26. Qe2 Nxg3 27. fxg3 a3
28. b3 Qd6 29. Rf1 Rb8 30. Bc4 e4 31. Qxe4 Qxg3 32. Nf3 Qg2 33. Qe2 Qg3 34. Qh2 1-0

[Event "European Rapid 2014"]
[Site "Wroclaw POL"]
[Date "2014.12.20"]
[Round "1.23"]
[White "Molenda, Marcin"]
[Black "Anton Guijarro, David"]
[Result "1/2-1/2"]
[BlackTitle "GM"]
[WhiteElo "2059"]
[BlackElo "2608"]
[WhiteFideId "1173065"]
[BlackFideId "2285525"]
[EventDate "2014.12.20"]

1. e4 e5 2. Nf3 Nc6 3. d4 exd4 4. Nxd4 Nf6 5. Nc3 Bb4 6. Nxc6 bxc6 7. Bd3 O-O 8.
O-O Re8 9. Bg5 h6 10. Bh4 Rb8 11. f4 Be7 12. e5 Nd5 13. Bxe7 Qxe7 14. Nxd5 cxd5
15. b3 d6 16. exd6 Qxd6 17. Qf3 c5 18. Rae1 Bd7 19. Kh1 Bc6 20. Qg4 Rxe1 21.
Rxe1 c4 22. Bf1 Qb4 23. Qg3 Qd2 24. f5 Re8 25. Rxe8+ Bxe8 26. f6 g5 27. Qe5 Bd7
28. Qb8+ Kh7 29. Qf8 Kg6 30. Qg7+ Kf5 31. Qxf7 Be6 32. Qh7+ Kxf6 33. Qxh6+ Kf7
34. Qh7+ Kf6 1/2-1/2

[Event "European Rapid 2014"]
[Site "Wroclaw POL"]
[Date "2014.12.20"]
[Round "1.24"]
[White "Kovalev, Vladislav"]
[Black "Sanz Wawer, Daniel"]
[Result "1-0"]
[WhiteTitle "GM"]
[WhiteElo "2539"]
[BlackElo "1892"]
[WhiteFideId "13504398"]
[BlackFideId "1185543"]
[EventDate "2014.12.20"]

1. e4 c5 2. Nf3 d6 3. d4 cxd4 4. Qxd4 Nc6 5. Bb5 Bd7 6. Bxc6 Bxc6 7. Nc3 Nf6 8.
Bg5 e5 9. Qd3 Be7 10. O-O-O Qc7 11. Bxf6 gxf6 12. Nh4 O-O-O 13. Nf5 Kb8 14. Nd5
Bxd5 15. Qxd5 Bf8 16. Rd3 Rg8 17. g3 Rd7 18. Rhd1 Qb6 19. R1d2 h5 20. Rb3 Qa6
21. Rb5 h4 22. Rd3 hxg3 23. fxg3 b6 24. a4 Qb7 25. a5 Qxd5 26. Rdxd5 Kb7 27.
axb6 axb6 28. Kd2 Kc6 29. Rb3 Rh8 30. h4 Be7 31. Rc3+ 1-0

[Event "European Rapid 2014"]
[Site "Wroclaw POL"]
[Date "2014.12.20"]
[Round "1.25"]
[White "Domaradzka-Zyla, Anna"]
[Black "Bosiocic, Marin"]
[Result "0-1"]
[BlackTitle "GM"]
[WhiteElo "2017"]
[BlackElo "2555"]
[WhiteFideId "1104829"]
[BlackFideId "14507927"]
[EventDate "2014.12.20"]

1. e4 e5 2. Nf3 Nc6 3. d4 exd4 4. Bc4 Bc5 5. c3 Nf6 6. e5 d5 7. Bb5 Ne4 8. Nxd4
Bd7 9. Bxc6 bxc6 10. O-O O-O 11. Qh5 Bb6 12. Be3 c5 13. Nb3 Bc6 14. Rd1 Qe7 15.
f3 Nf6 16. exf6 Qxe3+ 17. Kh1 gxf6 18. N1d2 Rfe8 19. Nf1 Qg5 20. Ng3 Re5 21.
Qxg5+ fxg5 22. Re1 Rae8 23. Rxe5 Rxe5 24. Rd1 Ba4 25. h3 c4 0-1

[Event "European Rapid 2014"]
[Site "Wroclaw POL"]
[Date "2014.12.20"]
[Round "1.26"]
[White "Lysyj, Igor"]
[Black "Rosiak, Agata"]
[Result "1-0"]
[WhiteTitle "GM"]
[WhiteElo "2686"]
[BlackElo "1887"]
[WhiteFideId "4150120"]
[BlackFideId "1136526"]
[EventDate "2014.12.20"]

1. d4 d5 2. c4 e6 3. Nf3 Nf6 4. Nc3 Be7 5. Bf4 a6 6. e3 O-O 7. Qc2 c5 8. dxc5
Bxc5 9. Rd1 Bb4 10. Be2 Qa5 11. O-O Bxc3 12. bxc3 dxc4 13. Bxc4 b5 14. Be2 Bb7
15. c4 bxc4 16. Bxc4 Nc6 17. Qb3 Rab8 18. Bxb8 Rxb8 19. Rb1 Qc7 20. Rfc1 Qd6 21.
Qd3 Qe7 22. Bxa6 Nb4 23. Rxb4 Qxb4 24. Rb1 Qe7 25. Rxb7 Rxb7 26. Bxb7 Qxb7 27.
Qd8+ Ne8 28. Qxe8# 1-0

[Event "European Rapid 2014"]
[Site "Wroclaw POL"]
[Date "2014.12.20"]
[Round "1.27"]
[White "Kowara, Magdalena"]
[Black "Azarov, Sergei"]
[Result "0-1"]
[BlackTitle "GM"]
[WhiteElo "1882"]
[BlackElo "2635"]
[WhiteFideId "1141813"]
[BlackFideId "13501470"]
[EventDate "2014.12.20"]

1. e4 e5 2. Nf3 Nc6 3. Bb5 a6 4. Ba4 Nf6 5. O-O Be7 6. Re1 b5 7. Bb3 d6 8. c3
O-O 9. h3 h6 10. d4 Re8 11. Nbd2 Bf8 12. Bc2 Bb7 13. Nf1 exd4 14. cxd4 Nb4 15.
Ng3 Nxc2 16. Qxc2 Rc8 17. a4 bxa4 18. Rxa4 d5 19. exd5 Rxe1+ 20. Nxe1 Qxd5 21.
Be3 Qd7 22. Ra1 Nd5 23. Bd2 c5 24. dxc5 Bxc5 25. Qd3 Bb6 26. Rd1 Qe6 27. Qf5 Qf6
28. Nf3 Qxb2 29. Rb1 Qc2 30. Rc1 Qxf5 31. Nxf5 Rxc1+ 32. Bxc1 a5 33. N5d4 a4 34.
Nb5 Nb4 35. Ne1 Bc6 36. Na3 f5 37. Nac2 Nxc2 38. Nxc2 Kf7 39. Kf1 Be4 40. Ne3
Bc5 41. Bb2 a3 42. Ba1 a2 43. Nd1 Bd3+ 44. Ke1 g5 45. Kd2 Bf1 46. g3 Bxh3 47.
Kc2 Bg4 48. Ne3 Bxe3 49. fxe3 Bf3 50. Bd4 h5 51. Kb2 Bd5 52. Be5 h4 53. gxh4
gxh4 54. Bf4 h3 55. Be5 Kg6 56. Bf4 Kh5 57. Be5 Kg4 58. Bf4 Kf3 59. Ka1 Kg2 0-1

[Event "European Rapid 2014"]
[Site "Wroclaw POL"]
[Date "2014.12.20"]
[Round "1.28"]
[White "Bindrich, Falko"]
[Black "Belczewski, Jacek"]
[Result "1-0"]
[WhiteTitle "GM"]
[WhiteElo "2610"]
[BlackElo "1791"]
[WhiteFideId "4676670"]
[BlackFideId "1175041"]
[EventDate "2014.12.20"]

1. d4 e6 2. g3 f5 3. Bg2 Nf6 4. c4 d5 5. Nf3 c6 6. O-O Bd6 7. b3 O-O 8. Ba3 Bxa3
9. Nxa3 Bd7 10. b4 Qe7 11. Qb3 Be8 12. Nc2 Bh5 13. a4 Nbd7 14. Rfe1 Rfb8 15. b5
Ne4 16. Rad1 Nd6 17. Nd2 Nf6 18. Nb4 Qd7 19. Nd3 Nfe4 20. Ne5 Qe8 21. Ndf3 Nf7
22. Nxf7 Bxf7 23. Ne5 Nf6 24. Rb1 Nd7 25. Nxd7 Qxd7 26. bxc6 Qxc6 27. Rec1 Qd7
28. cxd5 exd5 29. Rc5 b6 30. Rxd5 Qc7 31. Qd3 Bxd5 32. Bxd5+ Kh8 33. Bxa8 Rxa8
34. Qxf5 Rd8 35. e3 h6 36. h4 Qc6 37. a5 Qd6 38. axb6 axb6 39. Qb5 Rb8 40. Rc1
Rf8 41. Rb1 Qf6 42. Rb2 Qf3 43. Qxb6 Qd1+ 44. Kg2 Qf3+ 45. Kh2 Qd1 46. Qd6 Rf6
47. Qd8+ Kh7 48. Qd5 Qe1 49. Qe4+ Kg8 50. Rb8+ Rf8 51. Qd5+ Kh7 52. Rxf8 1-0

[Event "European Rapid 2014"]
[Site "Wroclaw POL"]
[Date "2014.12.20"]
[Round "1.29"]
[White "Krokay, Urszula"]
[Black "Swiercz, Dariusz"]
[Result "0-1"]
[BlackTitle "GM"]
[WhiteElo "2003"]
[BlackElo "2616"]
[WhiteFideId "1125508"]
[BlackFideId "1126881"]
[EventDate "2014.12.20"]

1. e4 c5 2. Nf3 d6 3. c3 Nf6 4. h3 Nc6 5. Bd3 d5 6. e5 Nd7 7. Bb5 Qb6 8. Qa4 c4
9. O-O Nc5 10. Bxc6+ bxc6 11. Qc2 g6 12. Nd4 Nd3 13. a4 c5 14. a5 Qa6 15. Nf3
Bg7 16. b3 O-O 17. Ne1 Bf5 18. Nxd3 Bxd3 19. Qd1 Bxf1 20. Qxf1 Bxe5 21. Ra4 Rab8
22. Ba3 Rxb3 23. Bxc5 Qb5 0-1

[Event "European Rapid 2014"]
[Site "Wroclaw POL"]
[Date "2014.12.20"]
[Round "1.30"]
[White "Miton, Kamil"]
[Black "Chan, Naruna"]
[Result "1-0"]
[WhiteTitle "GM"]
[WhiteElo "2601"]
[BlackElo "1883"]
[WhiteFideId "1111914"]
[BlackFideId "24124290"]
[EventDate "2014.12.20"]

1. d4 f5 2. c4 Nf6 3. Nc3 g6 4. h4 Bg7 5. h5 d6 6. h6 Bf8 7. Nf3 Nbd7 8. Bg5 c6
9. d5 Ne5 10. Nxe5 dxe5 11. e3 Bd7 12. Be2 Qb6 13. Qd2 O-O-O 14. O-O Ng8 15. b4
Bxh6 16. Bxh6 Nxh6 17. Rab1 Qc7 18. Qb2 e6 19. dxc6 Bxc6 20. Qa3 Kb8 21. b5 Bd7
22. c5 b6 23. cxb6 axb6 24. Rfc1 Qa7 25. Qd6+ Qc7 26. Qa3 Qa7 27. Qb2 Rc8 28. a4
Qa5 29. Na2 Nf7 30. Nb4 Kb7 31. Rd1 Rhd8 32. Qb3 Rc5 33. Rbc1 Rxc1 34. Rxc1 Qa8
35. Na6 Rc8 36. Rd1 Rd8 37. Qa3 1-0

[Event "European Rapid 2014"]
[Site "Wroclaw POL"]
[Date "2014.12.20"]
[Round "1.31"]
[White "Zurek, Jacek"]
[Black "Mastrovasilis, Dimitrios"]
[Result "0-1"]
[BlackTitle "GM"]
[WhiteElo "1849"]
[BlackElo "2608"]
[WhiteFideId "1166395"]
[BlackFideId "4202694"]
[EventDate "2014.12.20"]

1. c4 e5 2. Nc3 Nf6 3. g3 c6 4. d4 e4 5. d5 Bb4 6. Bg5 h6 7. Bxf6 Qxf6 8. Qc2
O-O 9. Bg2 Re8 10. e3 Bxc3+ 11. Qxc3 Qxc3+ 12. bxc3 Na6 13. Ne2 Nc5 14. Nd4 b6
15. dxc6 dxc6 16. Nxc6 Ba6 17. Bf1 Re6 18. Nb4 Rd8 19. Nd5 Red6 20. O-O-O Bb7
21. Be2 Bxd5 22. cxd5 Rxd5 23. Rd4 Ne6 24. Rxd5 Rxd5 25. f3 exf3 26. Bxf3 Rd3
27. Kc2 Rxe3 28. Rf1 Ng5 29. Bd1 Kf8 30. Kd2 Re5 31. Bb3 Ke7 32. h4 Ne4+ 33. Kd3
f6 34. Rf3 Kd6 35. Kd4 Nc5 36. Rf2 Re4# 0-1